[Event "Wch U20 Girls 31st"]
[Site "Kocaeli"]
[Date "2013.09.24"]
[Round "11"]
[White "Armas, Lena"]
[Black "Alymbay, Kyzy Aizhan"]
[Result "1/2-1/2"]
[WhiteElo "1920"]
[BlackElo "1820"]
[PlyCount "96"]
[EventDate "2013.09.13"]
[EventType "swiss"]
[EventRounds "13"]
[EventCountry "TUR"]
[SourceTitle "CBM 156 Extra"]
[Source "ChessBase"]
[SourceDate "2013.10.22"]
[SourceVersion "1"]
[SourceVersionDate "2013.10.22"]
[SourceQuality "1"]

1. e4 c5 2. Nf3 e6 3. d3 Nc6 4. g3 Nf6 5. Bg2 d5 6. Qe2 Be7 7. 0-0 0-0 8. e5 Nd7 9. c4 f6 10. exf6 Nxf6 11. Bh3 e5 12. Bxc8 Rxc8 13. Nxe5 Nd4 14. Qd1 Nd7 15. Ng4 Nf3+ 16. Kh1 dxc4 17. dxc4 Nde5 18. Ne3 Qxd1 19. Rxd1 Rcd8 20. Nd5 Bd6 21. Na3 Ng4 22. Be3 Nfxh2 23. Kg2 Nxe3+ 24. Nxe3 Nf3 25. Nb5 Nd4 26. Nxd4 cxd4 27. Rxd4 Be5 28. Rxd8 Rxd8 29. Nd5 Kf7 30. Re1 Bd6 31. Rd1 Bc5 32. b3 a5 33. g4 b6 34. f4 Re8 35. Kf3 h6 36. Rh1 Re6 37. Rf1 Re8 38. Rd1 Re6 39. f5 Re5 40. Rh1 Re8 41. f6 Kg6 42. fxg7 Kxg7 43. Rh2 Re1 44. Rg2 Rf1+ 45. Ke2 Ra1 46. Kd3 Rd1+ 47. Ke4 Re1+ 48. Kf5 Bd6 1/2-1/2

[Event "Wch U20 Girls 31st"]
[Site "Kocaeli"]
[Date "2013.09.23"]
[Round "10"]
[White "Monnisha, GK."]
[Black "Armas, Lena"]
[Result "1-0"]
[WhiteElo "2094"]
[BlackElo "1920"]
[PlyCount "63"]
[EventDate "2013.09.13"]
[EventType "swiss"]
[EventRounds "13"]
[EventCountry "TUR"]
[SourceTitle "CBM 156 Extra"]
[Source "ChessBase"]
[SourceDate "2013.10.22"]
[SourceVersion "1"]
[SourceVersionDate "2013.10.22"]
[SourceQuality "1"]

1. e4 d5 2. exd5 Qxd5 3. Nc3 Qd6 4. d4 Nf6 5. Bc4 a6 6. a4 Nc6 7. Nge2 e5 8. d5 Ne7 9. b3 Bf5 10. Ng3 Bg6 11. Ba3 c5 12. Qd2 Rd8 13. 0-0-0 Nf5 14. Nxf5 Bxf5 15. f3 g6 16. Kb1 Bg7 17. g4 Bd7 18. g5 Nh5 19. Ne4 Qc7 20. Bxc5 b6 21. Ba3 Bxa4 22. d6 Qd7 23. bxa4 0-0 24. Bb3 a5 25. Qd5 Kh8 26. Qb5 f5 27. gxf6 Nxf6 28. Nxf6 Rxf6 29. Qxd7 Rxd7 30. Rhe1 Rxf3 31. Rf1 Rc3 32. Ka2 1-0

[Event "Wch U20 Girls 31st"]
[Site "Kocaeli"]
[Date "2013.09.22"]
[Round "9"]
[White "Armas, Lena"]
[Black "Sen, Beril Berfin"]
[Result "1-0"]
[WhiteElo "1920"]
[BlackElo "1609"]
[PlyCount "107"]
[EventDate "2013.09.13"]
[EventType "swiss"]
[EventRounds "13"]
[EventCountry "TUR"]
[SourceTitle "CBM 156 Extra"]
[Source "ChessBase"]
[SourceDate "2013.10.22"]
[SourceVersion "1"]
[SourceVersionDate "2013.10.22"]
[SourceQuality "1"]

1. e4 e5 2. Nf3 Nc6 3. c3 Nf6 4. d4 Nxe4 5. d5 Ne7 6. Nxe5 Ng6 7. Nxg6 hxg6 8. Bd3 Nf6 9. 0-0 Be7 10. c4 0-0 11. Nc3 d6 12. Re1 Re8 13. Qf3 Bg4 14. Qf4 Qd7 15. h3 Bf5 16. Bxf5 Qxf5 17. Qxf5 gxf5 18. Nb5 Bf8 19. Be3 Re4 20. b3 a6 21. Nc3 Re7 22. Bg5 Rae8 23. Rec1 Ne4 24. Bxe7 Bxe7 25. Nxe4 fxe4 26. Re1 Bg5 27. Re2 f5 28. Rae1 Kf7 29. g3 Bf6 30. Kg2 Bd4 31. g4 g6 32. f3 e3 33. f4 Bc3 34. Rd1 Bd2 35. Kf3 Rh8 36. Kg3 Kf6 37. Rdxd2 exd2 38. Rxd2 fxg4 39. hxg4 Re8 40. Rh2 Re3+ 41. Kf2 Re7 42. Rh8 a5 43. Rf8+ Rf7 44. Rxf7+ Kxf7 45. Ke3 Kf6 46. Ke4 Ke7 47. g5 Kf7 48. f5 gxf5+ 49. Kxf5 c6 50. g6+ Ke7 51. a4 cxd5 52. cxd5 b6 53. Kg5 Kf8 54. Kf6 1-0

[Event "Wch U20 Girls 31st"]
[Site "Kocaeli"]
[Date "2013.09.16"]
[Round "4"]
[White "Armas, Lena"]
[Black "Martinez, Ayelen"]
[Result "0-1"]
[WhiteElo "1920"]
[BlackElo "2101"]
[PlyCount "52"]
[EventDate "2013.09.13"]
[EventType "swiss"]
[EventRounds "13"]
[EventCountry "TUR"]
[SourceTitle "CBM 156 Extra"]
[Source "ChessBase"]
[SourceDate "2013.10.22"]
[SourceVersion "1"]
[SourceVersionDate "2013.10.22"]
[SourceQuality "1"]

1. e4 c5 2. Nc3 a6 3. g4 b5 4. Bg2 Bb7 5. d3 e6 6. Nh3 d6 7. 0-0 Nc6 8. Re1 Be7 9. g5 h6 10. g6 Nf6 11. gxf7+ Kxf7 12. f4 g6 13. e5 Nh5 14. exd6 Qxd6 15. Ne4 Qd7 16. Be3 Nd4 17. c3 Nf5 18. Bxc5 Bxe4 19. Bxe4 Bxc5+ 20. d4 Ba7 21. Bxa8 Rxa8 22. Qf3 Rc8 23. Nf2 Nf6 24. Nd3 Qd5 25. Ne5+ Kg7 26. Qe2 Nxd4 0-1

[Event "FRA-ch U20"]
[Site "Saint Paul Trois Chateaux"]
[Date "2013.05.04"]
[Round "8"]
[White "Armas, Lena"]
[Black "Durand, Victor"]
[Result "0-1"]
[WhiteElo "1903"]
[BlackElo "2044"]
[PlyCount "174"]
[EventDate "2013.04.28"]
[EventType "swiss"]
[EventRounds "9"]
[EventCountry "FRA"]
[SourceTitle "CBM 154 Extra"]
[Source "ChessBase"]
[SourceDate "2013.06.25"]
[SourceVersion "2"]
[SourceVersionDate "2013.06.25"]
[SourceQuality "1"]

1. e4 e5 2. Nf3 Nc6 3. c3 Nf6 4. d4 Nxe4 5. d5 Ne7 6. Nxe5 Ng6 7. Nxg6 hxg6 8. Bd3 Nf6 9. c4 d6 10. 0-0 Be7 11. Re1 0-0 12. Nc3 Nd7 13. Bf4 Bg5 14. Qd2 Bxf4 15. Qxf4 Ne5 16. Rad1 Re8 17. Kf1 Bd7 18. Ne4 Bf5 19. b3 Qd7 20. Bb1 Bxe4 21. Rxe4 a5 22. Bc2 f5 23. Re2 Ng4 24. Rde1 Rxe2 25. Rxe2 Re8 26. h3 Rxe2 27. Kxe2 Qe7+ 28. Kf1 Qe5 29. Qxe5 Nxe5 30. f4 Nd7 31. g4 Nf6 32. gxf5 gxf5 33. Bxf5 Nh5 34. Be6+ Kf8 35. f5 Nf4 36. h4 Nd3 37. Bc8 b6 38. Kg2 Nc1 39. a4 Nxb3 40. Bd7 Ke7 41. Bb5 Kf6 42. Kg3 Kxf5 43. Bd7+ Kf6 44. Kf4 Nc5 45. Bb5 Nd3+ 46. Kg4 Ne5+ 47. Kf4 Nf7 48. h5 Ne5 49. Ba6 g6 50. hxg6 Nxg6+ 51. Ke4 Kg5 52. Bb5 Ne5 53. Ba6 Nd7 54. Bb5 Nf6+ 55. Ke3 Kf5 56. Ba6 Ke5 57. Bc8 Nh5 58. Bd7 Ng7 59. Bc8 Ne8 60. Bd7 Nf6 61. Bc6 Ne4 62. Bd7 Nc5 63. Bc6 Nb3 64. Bd7 Nd4 65. Bc8 Nc2+ 66. Kd3 Nd4 67. Bb7 Nf5 68. Bc8 Kf4 69. Bd7 Ne7 70. Kd4 Ng6 71. Bb5 Ne5 72. Be8 Kf3 73. Bh5+ Kf2 74. Be8 Ke2 75. Bb5 Kd2 76. Ke4 Kc3 77. Kf5 Nxc4 78. Ke6 Ne5 79. Ke7 Kd4 80. Kd8 Kxd5 81. Kxc7 Kc5 82. Kd8 d5 83. Ke7 d4 84. Ke6 Nc4 85. Be8 d3 86. Bh5 d2 87. Kf5 d1Q 0-1

[Event "FRA-ch U20"]
[Site "Saint Paul Trois Chateaux"]
[Date "2013.04.28"]
[Round "1"]
[White "Dionisi, Thomas"]
[Black "Armas, Lena"]
[Result "1/2-1/2"]
[WhiteElo "2276"]
[BlackElo "1903"]
[PlyCount "43"]
[EventDate "2013.04.28"]
[EventType "swiss"]
[EventRounds "9"]
[EventCountry "FRA"]
[SourceTitle "CBM 154 Extra"]
[Source "ChessBase"]
[SourceDate "2013.06.25"]
[SourceVersion "2"]
[SourceVersionDate "2013.06.25"]
[SourceQuality "1"]

1. e4 d5 2. exd5 Qxd5 3. Nc3 Qd6 4. d4 Nf6 5. Nf3 a6 6. g3 Nc6 7. Bg2 Bg4 8. 0-0 0-0-0 9. h3 Bh5 10. Be3 e5 11. dxe5 Nxe5 12. Qe2 Nxf3+ 13. Bxf3 Bxf3 14. Qxf3 Qe6 15. Bg5 Qxh3 16. Ne4 Ng4 17. Rfd1 Re8 18. Rd4 Qh2+ 19. Kf1 Qh3+ 20. Kg1 Qh2+ 21. Kf1 Qh3+ 22. Kg1 1/2-1/2

[Event "FRA-chT Top 12 (Women)"]
[Site "Archamps"]
[Date "2013.02.16"]
[Round "2.3"]
[White "Todorova, Maya"]
[Black "Armas, Lena"]
[Result "1/2-1/2"]
[WhiteElo "2017"]
[BlackElo "1903"]
[PlyCount "82"]
[EventDate "2013.02.15"]
[EventType "team-swiss"]
[EventRounds "5"]
[EventCountry "FRA"]
[SourceTitle "CBM 152 Extra"]
[Source "ChessBase"]
[SourceDate "2013.02.25"]
[SourceVersion "1"]
[SourceVersionDate "2013.02.25"]
[SourceQuality "1"]
[WhiteTeam "Annemasse (W)"]
[BlackTeam "Naujac (W)"]
[WhiteTeamCountry "FRA"]
[BlackTeamCountry "FRA"]

1. e4 d5 2. exd5 Qxd5 3. Nc3 Qd6 4. g3 e5 5. Bg2 Nf6 6. h3 c6 7. Nge2 Be7 8. 0-0 0-0 9. d3 Qc7 10. Kh2 Rd8 11. Qe1 Nd5 12. Nxd5 cxd5 13. Nc3 Be6 14. f4 d4 15. f5 Bc8 16. Nd5 Qd6 17. Nxe7+ Qxe7 18. Qf2 f6 19. g4 Nc6 20. h4 Kh8 21. g5 Qd6 22. Qe2 Ne7 23. Be4 Ng8 24. Qh5 Qc7 25. Rf2 Bd7 26. Qf3 Bc6 27. Rg2 Rac8 28. Bd2 b6 29. Rag1 Rd7 30. h5 Qb7 31. h6 Bxe4 32. dxe4 fxg5 33. hxg7+ Rxg7 34. Bxg5 Qf7 35. Bh4 Rxg2+ 36. Rxg2 Nf6 37. Bxf6+ Qxf6 38. Qg4 Qh6+ 39. Kg1 Qc1+ 40. Kh2 Qh6+ 41. Kg1 Qc1+ 1/2-1/2

[Event "FRA-chT Top 12 (Women)"]
[Site "Archamps"]
[Date "2013.02.15"]
[Round "1.6"]
[White "Armas, Lena"]
[Black "Del Valle, Julie"]
[Result "1-0"]
[WhiteElo "1903"]
[BlackElo "1486"]
[PlyCount "59"]
[EventDate "2013.02.15"]
[EventType "team-swiss"]
[EventRounds "5"]
[EventCountry "FRA"]
[SourceTitle "CBM 152 Extra"]
[Source "ChessBase"]
[SourceDate "2013.02.25"]
[SourceVersion "1"]
[SourceVersionDate "2013.02.25"]
[SourceQuality "1"]
[WhiteTeam "Naujac (W)"]
[BlackTeam "Vaucluse (W)"]
[WhiteTeamCountry "FRA"]
[BlackTeamCountry "FRA"]

1. e4 e5 2. Nf3 d6 3. Bc4 Be7 4. Nc3 Nf6 5. d3 0-0 6. Bg5 Nbd7 7. Qe2 c6 8. Bb3 Qc7 9. 0-0 b5 10. a3 Bb7 11. d4 a6 12. Rad1 Rad8 13. dxe5 dxe5 14. Nh4 Rfe8 15. Nf5 Bf8 16. Qf3 Be7 17. Bh6 Bf8 18. Bg5 Be7 19. Nxe7+ Rxe7 20. Qg3 Ree8 21. Kh1 Rc8 22. f4 exf4 23. Bxf4 Qd8 24. Bh6 g6 25. Bg5 Nh5 26. Bxf7+ Kg7 27. Qe3 Qc7 28. Bh6+ Kh8 29. Bxe8 Rxe8 30. Rf7 1-0

[Event "FRA Cup final (Women)"]
[Site "Chalons en Champagne"]
[Date "2010.06.27"]
[Round "1"]
[White "Armas, Lena"]
[Black "Roumegous, Marina"]
[Result "0-1"]
[WhiteElo "1829"]
[BlackElo "2188"]
[PlyCount "52"]
[EventDate "2010.06.27"]
[EventType "team-match"]
[EventRounds "1"]
[EventCountry "FRA"]
[SourceTitle "CBM 137 Extra"]
[Source "ChessBase"]
[SourceDate "2010.09.01"]
[SourceVersion "1"]
[SourceVersionDate "2010.09.01"]
[SourceQuality "1"]

1. e4 e6 2. d3 d5 3. Qe2 Nf6 4. Nf3 Be7 5. g3 b6 6. Bg2 Bb7 7. e5 Nfd7 8. c4 dxc4 9. dxc4 Nc5 10. 0-0 Qd3 11. Nc3 Qxe2 12. Nxe2 Nbd7 13. Rd1 0-0-0 14. Ned4 h6 15. b4 Ne4 16. a3 c5 17. Nb5 a6 18. Nd6+ Nxd6 19. exd6 Bf6 20. Rb1 Be4 21. Ne5 Bxg2 22. Nxf7 Be4 23. Be3 Bxb1 24. Rxb1 Rhf8 25. Nxd8 Rxd8 26. bxc5 bxc5 0-1

[Event "FRA-ch U18 Girls"]
[Site "Troyes"]
[Date "2010.04.13"]
[Round "4"]
[White "Lefevre, Margaux"]
[Black "Armas, Lena"]
[Result "0-1"]
[WhiteElo "2036"]
[BlackElo "1816"]
[PlyCount "100"]
[EventDate "2010.04.11"]
[EventType "swiss"]
[EventRounds "9"]
[EventCountry "FRA"]
[SourceTitle "EXT 2012"]
[Source "ChessBase"]
[SourceDate "2011.11.24"]
[SourceVersion "1"]
[SourceVersionDate "2011.11.24"]
[SourceQuality "1"]

1. e4 d5 2. exd5 Qxd5 3. Nc3 Qd6 4. d4 Nf6 5. Nf3 a6 6. g3 Nc6 7. Bg2 Bg4 8. 0-0 0-0-0 9. Bf4 Qb4 10. a3 Qxb2 11. Qd3 Bxf3 12. Rfb1 Qxa1 13. Rxa1 Bxg2 14. Kxg2 Rxd4 15. Qe2 e6 16. Be3 Rd7 17. Na4 Nd5 18. Bc5 Nc3 19. Nxc3 Bxc5 20. Na4 Ba7 21. Rd1 Rhd8 22. Rxd7 Rxd7 23. c3 Rd5 24. Nb2 Ne5 25. a4 Ng6 26. Nd3 h5 27. Qe4 Rf5 28. f4 Ne7 29. c4 Nc6 30. Qe1 Bd4 31. h3 Ra5 32. Qd1 g6 33. Ne1 Rc5 34. Qd3 Ra5 35. Qb3 Rc5 36. Nd3 Na5 37. Qb4 Nc6 38. Qb3 Na5 39. Qa3 Nxc4 40. Qb4 a5 41. Qe1 Ne3+ 42. Kf3 Rc3 43. Ke4 Rc4 44. Kf3 Rxa4 45. Qb1 c6 46. Ke2 Nd5 47. Qb3 b5 48. Nc1 Rb4 49. Qd3 Rb2+ 50. Ke1 Bf2+ 0-1

[Event "FRA-ch U18 Girls"]
[Site "Troyes"]
[Date "2010.04.12"]
[Round "3"]
[White "Armas, Lena"]
[Black "Abidi, Ines"]
[Result "1-0"]
[WhiteElo "1816"]
[BlackElo "1651"]
[PlyCount "43"]
[EventDate "2010.04.11"]
[EventType "swiss"]
[EventRounds "9"]
[EventCountry "FRA"]
[SourceTitle "EXT 2012"]
[Source "ChessBase"]
[SourceDate "2011.11.24"]
[SourceVersion "1"]
[SourceVersionDate "2011.11.24"]
[SourceQuality "1"]

1. e4 e6 2. d3 d5 3. Qe2 dxe4 4. dxe4 Nf6 5. Nf3 Be7 6. g3 b6 7. Bg2 Bb7 8. 0-0 Bxe4 9. Rd1 Qc8 10. Nc3 Bb7 11. Bf4 a6 12. Qc4 c5 13. Bd6 Nc6 14. Qb3 Na5 15. Qa4+ Bc6 16. Qf4 Nb7 17. Bxe7 Kxe7 18. Qg5 h6 19. Qxg7 Qc7 20. Nh4 Rh7 21. Ng6+ Ke8 22. Qf8# 1-0

[Event "FRA-ch U16 Girls"]
[Site "Aix les Bains"]
[Date "2009.04.22"]
[Round "5"]
[White "Turquetille, Annabelle"]
[Black "Armas, Lena"]
[Result "1-0"]
[WhiteElo "1590"]
[BlackElo "1814"]
[PlyCount "73"]
[EventDate "2009.04.19"]
[EventType "swiss"]
[EventRounds "9"]
[EventCountry "FRA"]
[SourceTitle "CBM 130 Extra"]
[Source "ChessBase"]
[SourceDate "2009.07.02"]
[SourceVersion "2"]
[SourceVersionDate "2009.07.15"]
[SourceQuality "1"]

1. e4 c5 2. Nf3 d6 3. d4 cxd4 4. Nxd4 Nf6 5. Nc3 a6 6. Bc4 e6 7. Bb3 Be7 8. g4 Nbd7 9. Bxe6 Ne5 10. Bxc8 Qxc8 11. Rg1 Qd8 12. Nf5 Bf8 13. f4 Nc6 14. Be3 g6 15. Ng3 Bg7 16. Nd5 Nd7 17. Qd3 Bxb2 18. Rb1 Qa5+ 19. Bd2 Qxa2 20. c3 Rc8 21. Qc2 Nd4 22. Qxb2 Qxb2 23. Rxb2 Nf3+ 24. Kf2 Nxg1 25. Kxg1 Nc5 26. c4 0-0 27. Ne7+ Kg7 28. Bc3+ f6 29. Nxc8 Rxc8 30. Bd4 Nd3 31. Rxb7+ Kf8 32. Bxf6 Nxf4 33. Be7+ Ke8 34. Bxd6 Nd3 35. c5 Nxc5 36. Bxc5 Rxc5 37. Rxh7 1-0

[Event "FRA-chT Top 12 (Women)"]
[Site "France"]
[Date "2009.??.??"]
[Round "1.3"]
[White "Armas, Lena"]
[Black "Bertrand, Helene"]
[Result "1/2-1/2"]
[WhiteElo "1782"]
[BlackElo "1840"]
[PlyCount "66"]
[EventDate "2009.01.22"]
[EventType "team-tourn"]
[EventRounds "4"]
[EventCountry "FRA"]
[SourceTitle "CBM 128 Extra"]
[Source "ChessBase"]
[SourceDate "2009.03.05"]
[SourceVersion "2"]
[SourceVersionDate "2009.03.25"]
[SourceQuality "1"]

1. e4 c5 2. Nf3 d6 3. d4 cxd4 4. Nxd4 Nf6 5. Nc3 Nc6 6. Bb5 Bd7 7. Nb3 a6 8. Be2 b5 9. a3 h6 10. Be3 e5 11. f4 Be7 12. Nd5 Nxd5 13. Qxd5 Rc8 14. f5 Qc7 15. 0-0 Nd8 16. Rac1 Bc6 17. Qd3 Nb7 18. c3 Bf6 19. Rcd1 0-0 20. Rf3 Rfd8 21. Qc2 d5 22. Rg3 Kh8 23. Qc1 Kh7 24. Rh3 dxe4 25. Rxd8 Rxd8 26. Bxh6 Kg8 27. Rg3 Kf8 28. Bg5 Bxg5 29. Qxg5 f6 30. Qh5 Qf7 31. Qh8+ Qg8 32. Qh5 Qf7 33. Qh8+ Qg8 1/2-1/2

[Event "FRA-ch op-B"]
[Site "Pau"]
[Date "2008.08.16"]
[Round "5"]
[White "Armas, Lena"]
[Black "Tissot, Fabien"]
[Result "0-1"]
[WhiteElo "1756"]
[BlackElo "1890"]
[PlyCount "41"]
[EventDate "2008.08.11"]
[EventType "swiss"]
[EventRounds "11"]
[EventCountry "FRA"]
[SourceTitle "CBM 126 Extra"]
[Source "ChessBase"]
[SourceDate "2008.11.05"]
[SourceVersion "1"]
[SourceVersionDate "2008.11.05"]
[SourceQuality "1"]

1. e4 d6 2. Bc4 Nf6 3. d3 g6 4. Bg5 Bg7 5. Nc3 c6 6. Qd2 b5 7. Bb3 a5 8. a4 b4 9. Nce2 Nbd7 10. Nf3 Nc5 11. Bc4 Bd7 12. e5 dxe5 13. Nxe5 Nd5 14. Nxd7 Qxd7 15. Ra2 Nb6 16. Bb3 Nxb3 17. cxb3 Qd5 18. Qe3 0-0 19. 0-0 Qxb3 20. Rfa1 Bxb2 21. Nc1 0-1

[Event "Naujac op"]
[Site "Naujac"]
[Date "2008.06.26"]
[Round "6"]
[White "Koetzsch, Ulrich"]
[Black "Armas, Lena"]
[Result "1-0"]
[WhiteElo "2130"]
[BlackElo "1748"]
[PlyCount "89"]
[EventDate "2008.06.21"]
[EventType "swiss"]
[EventRounds "9"]
[EventCountry "FRA"]
[SourceTitle "CBM 125 Extra"]
[Source "ChessBase"]
[SourceDate "2008.09.01"]
[SourceVersion "1"]
[SourceVersionDate "2008.09.01"]
[SourceQuality "1"]

1. d4 d5 2. Nf3 Bf5 3. e3 e6 4. c4 c6 5. Nc3 Nf6 6. Bd2 Nbd7 7. c5 Be7 8. Be2 0-0 9. 0-0 h6 10. Nh4 Bh7 11. f4 Ne4 12. Nf3 Nxd2 13. Qxd2 Nf6 14. b4 Ne4 15. Nxe4 Bxe4 16. Bd3 Bxd3 17. Qxd3 Bf6 18. Rab1 Qd7 19. a4 Rab8 20. b5 b6 21. Rfc1 Rfc8 22. Kf2 h5 23. g3 g6 24. h3 Bg7 25. Ne5 Bxe5 26. fxe5 Kg7 27. Kg2 Kg8 28. Qa3 Kg7 29. cxb6 Rxb6 30. Qd6 Qe8 31. Qc5 Rcb8 32. Rb2 cxb5 33. a5 R6b7 34. a6 Rb6 35. Rf2 Rd8 36. Rcf1 Rd7 37. g4 h4 38. Qc2 Rxa6 39. Rf6 Ra3 40. Qf2 a5 41. Qxh4 b4 42. g5 Ra2+ 43. Kg3 b3 44. Qh6+ Kg8 45. R1f4 1-0

[Event "Naujac op"]
[Site "Naujac"]
[Date "2008.06.24"]
[Round "4"]
[White "Favarel, Antoine"]
[Black "Armas, Lena"]
[Result "1-0"]
[WhiteElo "2065"]
[BlackElo "1748"]
[PlyCount "69"]
[EventDate "2008.06.21"]
[EventType "swiss"]
[EventRounds "9"]
[EventCountry "FRA"]
[SourceTitle "CBM 125 Extra"]
[Source "ChessBase"]
[SourceDate "2008.09.01"]
[SourceVersion "1"]
[SourceVersionDate "2008.09.01"]
[SourceQuality "1"]

1. e4 c5 2. Nf3 d6 3. Bb5+ Bd7 4. Bxd7+ Nxd7 5. 0-0 Ngf6 6. Re1 Qc7 7. c3 e6 8. d4 Be7 9. d5 e5 10. a4 Qa5 11. Na3 Nb6 12. Nd2 0-0 13. Nac4 Nxc4 14. Nxc4 Qa6 15. Qb3 b6 16. Qb5 Qxb5 17. axb5 h6 18. g3 Nd7 19. Bd2 f5 20. f3 a6 21. bxa6 Ra7 22. b4 b5 23. Na5 Nb8 24. c4 Rxa6 25. cxb5 Rb6 26. Nc6 Bg5 27. Bxg5 hxg5 28. bxc5 Rxb5 29. Ne7+ Kf7 30. Nxf5 Rxc5 31. Ra7+ Kf6 32. Rb1 g6 33. Nh6 g4 34. Nxg4+ Kg5 35. h4+ 1-0

[Event "FRA-ch U12 Girls"]
[Site "Calvi"]
[Date "2005.04.23"]
[Round "8"]
[White "Le Bail, Arielle"]
[Black "Armas, Lena"]
[Result "1-0"]
[WhiteElo "1650"]
[BlackElo "1500"]
[PlyCount "47"]
[EventDate "2005.04.??"]
[EventType "swiss"]
[EventRounds "9"]
[EventCountry "FRA"]
[SourceTitle "EXT 2006"]
[Source "ChessBase"]
[SourceDate "2005.11.24"]
[SourceVersion "1"]
[SourceVersionDate "2005.11.24"]
[SourceQuality "1"]

1. e4 e5 2. f4 d6 3. fxe5 dxe5 4. Qh5 Nd7 5. Bc4 Qf6 6. d3 h6 7. Nf3 Bc5 8. Nc3 g6 9. Qh3 Nb6 10. Qg3 Nxc4 11. dxc4 Be6 12. Nd5 Bxd5 13. cxd5 0-0-0 14. Bd2 Re8 15. 0-0-0 Kb8 16. Kb1 Bd4 17. Rhf1 Qd6 18. Nxd4 exd4 19. Qxd6 cxd6 20. Rxf7 Rxe4 21. Bf4 d3 22. Bxd6+ Kc8 23. cxd3 Rd4 24. Be5 1-0

[Event "FRA-ch U10 Girls"]
[Site "Hyeres"]
[Date "2002.??.??"]
[Round "9.5"]
[White "Le Moine, Camille"]
[Black "Armas, Lena"]
[Result "1/2-1/2"]
[WhiteElo "1530"]
[BlackElo "1210"]
[PlyCount "130"]
[EventDate "2002.04.05"]
[EventType "swiss"]
[EventRounds "9"]
[EventCountry "FRA"]
[SourceTitle "EXT 2003"]
[Source "ChessBase"]
[SourceDate "2002.11.25"]
[SourceVersion "1"]
[SourceVersionDate "2002.11.25"]
[SourceQuality "1"]

1. e4 e5 2. Nf3 Nc6 3. Bc4 Nd4 4. Nxd4 exd4 5. d3 Nf6 6. Bg5 h6 7. Bxf6 Qxf6 8. Nd2 Bb4 9. 0-0 Bxd2 10. Qxd2 Qg6 11. Qe2 d6 12. Qf3 0-0 13. Rfe1 Bg4 14. Qg3 Qg5 15. h3 Bd7 16. Qxg5 hxg5 17. e5 dxe5 18. Rxe5 g4 19. hxg4 Bxg4 20. Re4 Bf5 21. Rxd4 g6 22. Re1 Kg7 23. Rh4 Rae8 24. Rxe8 Rxe8 25. Rd4 Re1+ 26. Kh2 Re2 27. g4 Rxf2+ 28. Kg3 Rxc2 29. gxf5 gxf5 30. Rd7 Rxb2 31. Rxf7+ Kg6 32. Kf4 Rf2+ 33. Ke3 Rb2 34. Rxc7 b5 35. Bf7+ Kg5 36. Rxa7 f4+ 37. Kf3 Rd2 38. Rd7 Rh2 39. Be6 Rh1 40. Kg2 Rc1 41. d4 Rc2+ 42. Kf3 Rc3+ 43. Ke2 f3+ 44. Kd2 Ra3 45. Rf7 Kg6 46. d5 Rxa2+ 47. Ke3 Ra3+ 48. Kf2 Rd3 49. Rxf3 Rd2+ 50. Ke3 Rd1 51. Ke2 Rd4 52. Rd3 Re4+ 53. Re3 Rd4 54. Rg3+ Kf6 55. Rg4 Ra4 56. Rxa4 bxa4 57. Bf5 Kxf5 58. d6 Ke6 59. Kd2 Kxd6 60. Kc2 Kc5 61. Kb2 Kb4 62. Ka2 a3 63. Ka1 Kb3 64. Kb1 a2+ 65. Ka1 Ka3 1/2-1/2